000 00367nam a2200145Ia 4500
008 230711s9999||||xx |||||||||||||| ||und||
041 _aENG
082 _a621
_bED-R
100 _aEdde,Byron
245 0 _aRadar : principles, technology and applications
250 _a1st Ed.
260 _c2004
_aNew Delhi
_bPearson
650 _aElectronics Engineering
942 _cBK
999 _c4320
_d4320